| 000 | 00517ntaaa2200205 4500 | ||
|---|---|---|---|
| 003 | 01 | ||
| 005 | 20251027202628.0 | ||
| 008 | 0714s1973 ag 01 | ||
| 040 |
_aAR-BaBN _bspa _cAR-BaBN _eaacr _dRIC |
||
| 082 | _a371.3000 L36 | ||
| 100 |
_aLaubach, Frank C _99014 |
||
| 245 | _aToward world literacy | ||
| 250 | _a1 ed. | ||
| 260 |
_as.l. : _bSyracuse University Press, _cc1960 |
||
| 300 | _a335 p | ||
| 650 |
_aalfabetización _92115 |
||
| 650 |
_aenseƱanza _92886 |
||
| 700 | _aLaubach, Robert S | ||
| 942 | _cBK | ||
| 999 |
_c21442 _d21442 |
||